00736nam a2200157 a 450000100100000000500170001000800410002704000250006811000610009324500570015426000640021130000270027550000760030295201830037899900170056100004614520240307073950.0150626s2008 dr a 000 0 spa d aDO-SdBNPbspacBNPHU1 aRepública Dominicana.b Junta Central Electoral96460510aManual para delegados ante los colegios electorales. aSanto Domingo :bDirección Nacional de Elecciones,c2008. a37 p. :bil. ;c21 cm. aEleccciones ordinarias generales presidenciales del 16 de mayo del 2008 0010718PDaPDbPDcHDd2015-06-26iLF1l0o p46145-10r2020-06-25w2020-06-25yLFPDzPerteneció a la biblioteca personal de Chiqui Vicioso / Fidelio Despradel.ZNo se presta c45634d45634